History Quiz

Random History or Country Quiz

Countries by 1940 Leaders Quiz Stats

 Plays Quiz Updated Sep 6, 2016

Challenge
Share
Tweet
Embed
Score 0/40 Timer 10:00
9 Plays Today
Leader Country % Correct
Adolf HitlerGermany
93.7%
Franklin D. RooseveltUnited States
92.9%
Joseph StalinSoviet Union
92.2%
Benito MussoliniItaly
91%
HirohitoJapan
89.7%
Neville ChamberlainUnited Kingdom
86.3%
Francisco FrancoSpain
83%
Chiang Kai-shekChina
79.6%
Dirk Jan de GeerNetherlands
64.9%
Ibn SaudSaudi Arabia
57%
Johan NygaardsvoldNorway
56.8%
William Lyon Mackenzie KingCanada
56.7%
Reza Shah PahlaviIran
56.6%
Gheorghe TătărescuRomania
52.2%
Farouk IEgypt
51.9%
Édouard DaladierFrance
49.6%
António de Oliveira SalazarPortugal
48.6%
Thorvald StauningDenmark
46.6%
Ioannis MetaxasGreece
46%
İsmet İnönüTurkey
43.3%
Leader Country % Correct
Plaek PhibunsongkhramThailand
40.8%
Miklós HorthyHungary
40.2%
Robert MenziesAustralia
39.6%
Éamon de ValeraIreland
36.1%
Hubert PierlotBelgium
34.9%
Michael Joseph SavageNew Zealand
33.9%
Lázaro CárdenasMexico
32.9%
Roberto María OrtizArgentina
31%
Jan SmutsSouth Africa
30.7%
Boris IIIBulgaria
30%
Getúlio VargasBrazil
29.1%
Mohammed Zahir ShahAfghanistan
25%
Risto RytiFinland
21.6%
Kārlis UlmanisLatvia
17.7%
Khorloogiin ChoibalsanMongolia
17.3%
Prince PaulYugoslavia
15.3%
Konstantin PätsEstonia
14.7%
Jozef TisoSlovakia
12.6%
Antanas SmetonaLithuania
12%
Edwin BarclayLiberia
7.6%

You're not logged in!

Compare scores with friends on all Sporcle quizzes.
OR
Log In

You Might Also Like...

Show Comments

Extras

Top Quizzes Today


Score Distribution

Your Account Isn't Verified!

In order to create a playlist on Sporcle, you need to verify the email address you used during registration. Go to your Sporcle Settings to finish the process.

Report this User

Report this user for behavior that violates our Community Guidelines.

Details: